| 000 | 00907nam a22002777a 4500 | ||
|---|---|---|---|
| 001 | 9284 | ||
| 003 | FISKH | ||
| 005 | 20251209093942.0 | ||
| 008 | 251209b cb ||||| |||| 00| 0 eng d | ||
| 020 | _a079808822701 | ||
| 040 |
_aFISKH _beng _cFISKH _dFISKH |
||
| 050 | _aSF459.T54 B87 | ||
| 082 | _a639.3787 | ||
| 100 | _aBurton, Jane | ||
| 245 |
_aHoppy the toad : _bHow to pet grows / _cJane Burton |
||
| 260 |
_aNew York : _bRandom House, _c1989. |
||
| 300 |
_a24 unnumbered pages : _bcolor illustrations ; _c21 cm |
||
| 505 | _aJ | ||
| 520 | _aText and photographs describe how a toad changes from a tadpole to a toadlet to a toad during its first three years of life and how it eats, hibernates, and spawns. | ||
| 521 | 8 |
_a500
_bLexile estimate |
|
| 521 | 8 |
_aJ
_bRaz-Plus |
|
| 650 |
_aAmphibians _vNon-fiction _xFrogs |
||
| 650 | _aTadpoles | ||
| 942 |
_2ddc _cBK _n0 |
||
| 999 |
_c9284 _d9284 |
||